[Event "Calvia Amateur op 9th"]
[Site "Calvia"]
[Date "2012.10.10"]
[Round "5"]
[White "Andersen, Lars Even"]
[Black "Lacrosse, Marc"]
[Result "1-0"]
[WhiteElo "2291"]
[BlackElo "2165"]
[PlyCount "139"]
[EventDate "2012.10.06"]
[EventType "swiss"]
[EventRounds "9"]
[EventCountry "ESP"]
[SourceTitle "EXT 2013"]
[Source "ChessBase"]
[SourceDate "2012.11.22"]
[SourceVersion "1"]
[SourceVersionDate "2012.11.22"]
[SourceQuality "1"]

1. d4 d5 2. c4 e6 3. Nc3 Nf6 4. Nf3 Nbd7 5. Bf4 dxc4 6. e4 Bb4 7. Qc2 b5 8. a4 c6 9. Nd2 0-0 10. axb5 Bxc3 11. Qxc3 cxb5 12. b3 Bb7 13. f3 cxb3 14. Bxb5 Qb6 15. Bc4 Rfc8 16. Qd3 b2 17. Rb1 a5 18. Be3 a4 19. Qa3 Qa5 20. Kf2 Nb6 21. Be2 Ba6 22. Bxa6 Qxa6 23. Rxb2 Nc4 24. Nxc4 Rxc4 25. Ra1 Qc6 26. Qd3 h6 27. Rba2 Rb8 28. Qd1 Rb3 29. Rd2 Rbc3 30. Raa2 Rc1 31. Qe2 Qc7 32. g3 Qc6 33. Kg2 Nxe4 34. fxe4 Qxe4+ 35. Qf3 Qb1 36. Rab2 Qg6 37. Bf2 R1c2 38. Qe2 Rxd2 39. Rxd2 Rc3 40. d5 exd5 41. Rxd5 Rc2 42. Rd8+ Kh7 43. Qd3 a3 44. Qxg6+ Kxg6 45. Ra8 a2 46. Ra5 f6 47. Kf3 Kf7 48. Ra6 Kg6 49. h3 h5 50. h4 Kf5 51. Ra5+ Kg6 52. Be3 Kf7 53. Ke4 Kg6 54. Kd3 Rg2 55. Bf4 Kf7 56. Ke4 Ke6 57. Ra6+ Kf7 58. Kf5 g6+ 59. Ke4 g5 60. hxg5 fxg5 61. Bxg5 Rxg3 62. Kf5 Rf3+ 63. Bf4 Rf2 64. Ra7+ Ke8 65. Ke6 Kf8 66. Be5 Kg8 67. Rg7+ Kf8 68. Rh7 Rg2 69. Ra7 Kg8 70. Ra8+ 1-0

[Event "Split op 2nd"]
[Site "Split"]
[Date "2012.08.18"]
[Round "8"]
[White "Andersen, Lars Even"]
[Black "Piskur, Mitja"]
[Result "1/2-1/2"]
[WhiteElo "2274"]
[BlackElo "2309"]
[PlyCount "160"]
[EventDate "2012.08.11"]
[EventType "swiss"]
[EventRounds "9"]
[EventCountry "CRO"]
[SourceTitle "CBM 149 Extra"]
[Source "ChessBase"]
[SourceDate "2012.08.24"]
[SourceVersion "1"]
[SourceVersionDate "2012.08.24"]
[SourceQuality "1"]

1. d4 f5 2. g3 Nf6 3. Bg2 g6 4. c4 Bg7 5. Nc3 d6 6. Qc2 0-0 7. d5 c6 8. Nh3 e5 9. dxe6 Bxe6 10. b3 Ne4 11. Bb2 Qa5 12. Rc1 Na6 13. 0-0 Nb4 14. Qd1 Nxa2 15. Nxe4 Bxb2 16. Rc2 Be5 17. Neg5 Bf7 18. e4 fxe4 19. Qg4 Nb4 20. Re2 d5 21. Qh4 h5 22. Nxf7 Rxf7 23. Qg5 Qc7 24. Qxg6+ Rg7 25. Qxh5 Bf6 26. Nf4 Qe5 27. Bh3 Qxf4 28. Be6+ Kf8 29. Qh8+ Ke7 30. Qxa8 Kxe6 31. Qc8+ Kf7 32. Qxb7+ Be7 33. Qxa7 Qd6 34. Qd4 Qc5 35. Qe5 Bf6 36. Qh5+ Rg6 37. Rxe4 Nd3 38. Rg4 Ne5 39. Rxg6 Nxg6 40. cxd5 Qxd5 41. Qxd5+ cxd5 42. f4 Ne7 43. b4 Nf5 44. b5 Bd4+ 45. Kh1 Ne3 46. Rc1 Ke7 47. h4 Kd6 48. Kg1 Nc4+ 49. Kg2 Bb2 50. Rb1 d4 51. Kf2 d3 52. Rd1 d2 53. Ke2 Kc5 54. Rxd2 Nxd2 55. Kxd2 Kxb5 56. Kd3 Kc5 57. Ke4 Kd6 58. Kf5 Ke7 59. Kg6 Bc3 60. h5 Kf8 61. Kh7 Bd2 62. Kg6 Kg8 63. f5 Bc3 64. g4 Bb2 65. g5 Bc3 66. f6 Bb2 67. Kf5 Bc1 68. Kg6 Ba3 69. Kf5 Bc1 70. g6 Kf8 71. Ke6 Bh6 72. Kd7 Bg5 73. Ke6 Bh6 74. Ke5 Bd2 75. Kf5 Bc1 76. Ke5 Bd2 77. Kd5 Bc1 78. Kd6 Bf4+ 79. Kd7 Bg5 80. Ke6 Bh6 1/2-1/2

[Event "Split op 2nd"]
[Site "Split"]
[Date "2012.08.17"]
[Round "7"]
[White "Cvitan, Ognjen"]
[Black "Andersen, Lars Even"]
[Result "1-0"]
[WhiteElo "2528"]
[BlackElo "2274"]
[PlyCount "101"]
[EventDate "2012.08.11"]
[EventType "swiss"]
[EventRounds "9"]
[EventCountry "CRO"]
[SourceTitle "CBM 149 Extra"]
[Source "ChessBase"]
[SourceDate "2012.08.24"]
[SourceVersion "1"]
[SourceVersionDate "2012.08.24"]
[SourceQuality "1"]

1. d4 d5 2. c4 c6 3. Nc3 Nf6 4. e3 e6 5. Nf3 Nbd7 6. Qc2 a6 7. b3 b5 8. Bd3 Bb7 9. c5 b4 10. Na4 a5 11. a3 Ba6 12. Bxa6 Rxa6 13. 0-0 Qb8 14. Bd2 Be7 15. axb4 axb4 16. Nb2 Rxa1 17. Rxa1 e5 18. Nxe5 Nxe5 19. dxe5 Qxe5 20. Ra8+ Bd8 21. Nd3 Qc7 22. Bxb4 0-0 23. Ba5 Qe7 24. Bxd8 Rxd8 25. Rxd8+ Qxd8 26. Qc3 h6 27. h3 Qb8 28. Qb4 Qa8 29. Qa4 Qb7 30. b4 Ne4 31. Qa5 Qd7 32. Qa1 Qb7 33. Qa5 Qd7 34. Qb6 d4 35. Qb8+ Kh7 36. Qe5 Nc3 37. exd4 f6 38. Qe3 Nb5 39. Nf4 Nxd4 40. Qd3+ Kg8 41. b5 cxb5 42. c6 Ne2+ 43. Qxe2 Qxc6 44. Qe6+ Qxe6 45. Nxe6 Kf7 46. Nd4 b4 47. Kf1 Kg6 48. Ke2 Kh5 49. g3 g6 50. Kf3 f5 51. Kf4 1-0

[Event "Split op 2nd"]
[Site "Split"]
[Date "2012.08.14"]
[Round "4"]
[White "Andersen, Lars Even"]
[Black "Craciun, Ovidiu"]
[Result "1-0"]
[WhiteElo "2274"]
[BlackElo "2041"]
[PlyCount "71"]
[EventDate "2012.08.11"]
[EventType "swiss"]
[EventRounds "9"]
[EventCountry "CRO"]
[SourceTitle "CBM 149 Extra"]
[Source "ChessBase"]
[SourceDate "2012.08.24"]
[SourceVersion "1"]
[SourceVersionDate "2012.08.24"]
[SourceQuality "1"]

1. d4 Nf6 2. c4 g6 3. Nc3 d5 4. Bg5 Bg7 5. Qd2 Ne4 6. Nxe4 dxe4 7. e3 c5 8. Ne2 Nc6 9. d5 Ne5 10. Nc3 Bf5 11. Be2 Qb6 12. 0-0-0 Rd8 13. f4 exf3 14. gxf3 Qa6 15. e4 Bc8 16. b3 Nc6 17. Nb5 Qb6 18. d6 0-0 19. Qc2 f6 20. dxe7 Nxe7 21. Bf4 f5 22. Rxd8 Qxd8 23. Rd1 Qb6 24. Bd6 Rf7 25. e5 Nc6 26. f4 a6 27. Nc3 Be6 28. Na4 Qa5 29. Bxc5 b5 30. Bb6 Qb4 31. Bc5 Qa5 32. Bb6 Qb4 33. Nc5 bxc4 34. Nxe6 Qxb6 35. Bxc4 Nb4 36. Qd2 1-0

[Event "Split op 2nd"]
[Site "Split"]
[Date "2012.08.13"]
[Round "3"]
[White "Jovanic, Ognjen"]
[Black "Andersen, Lars Even"]
[Result "1-0"]
[WhiteElo "2508"]
[BlackElo "2274"]
[PlyCount "81"]
[EventDate "2012.08.11"]
[EventType "swiss"]
[EventRounds "9"]
[EventCountry "CRO"]
[SourceTitle "CBM 149 Extra"]
[Source "ChessBase"]
[SourceDate "2012.08.24"]
[SourceVersion "1"]
[SourceVersionDate "2012.08.24"]
[SourceQuality "1"]

1. d4 d5 2. c4 c6 3. e3 Nf6 4. Bd3 e6 5. Nf3 Nbd7 6. b3 Bd6 7. Bb2 0-0 8. 0-0 Qe7 9. Ne5 c5 10. f4 Ne4 11. Bxe4 dxe4 12. Nc3 f5 13. Nb5 Bb8 14. dxc5 Nxc5 15. Ba3 Bxe5 16. fxe5 a6 17. Qd6 Qxd6 18. Nxd6 Nd3 19. Nxe4 Rd8 20. Nd6 Nxe5 21. e4 b5 22. exf5 bxc4 23. Rae1 Nd3 24. Re3 exf5 25. bxc4 Nb2 26. Nxc8 Nxc4 27. Ne7+ Kh8 28. Rc3 Nxa3 29. Rxa3 g6 30. Nc6 Rd2 31. Ne5 Rb8 32. Nf3 Rc2 33. Nd4 Rd2 34. Nb3 Rb2 35. Rxa6 Re8 36. Nd4 Kg8 37. Ne6 Rc8 38. Nd4 Re8 39. Ra7 Re4 40. Rc1 Rb8 41. Nf3 1-0

[Event "Split op 2nd"]
[Site "Split"]
[Date "2012.08.12"]
[Round "2"]
[White "Andersen, Lars Even"]
[Black "Zurek, Jacek"]
[Result "1-0"]
[WhiteElo "2274"]
[BlackElo "2053"]
[PlyCount "97"]
[EventDate "2012.08.11"]
[EventType "swiss"]
[EventRounds "9"]
[EventCountry "CRO"]
[SourceTitle "CBM 149 Extra"]
[Source "ChessBase"]
[SourceDate "2012.08.24"]
[SourceVersion "1"]
[SourceVersionDate "2012.08.24"]
[SourceQuality "1"]

1. d4 Nf6 2. c4 c5 3. Nf3 cxd4 4. Nxd4 g6 5. g3 Bg7 6. Bg2 0-0 7. 0-0 Nc6 8. Nc3 Qb6 9. e3 a6 10. Na4 Qc7 11. c5 d6 12. Nb6 Rb8 13. Nxc8 Rbxc8 14. cxd6 Qxd6 15. Nxc6 bxc6 16. Qa4 c5 17. Bb7 Rb8 18. Qxa6 Qxa6 19. Bxa6 Rfd8 20. Be2 Ne4 21. Rd1 Rxd1+ 22. Bxd1 Bxb2 23. Bxb2 Rxb2 24. a4 Nd2 25. a5 Rb7 26. Ra2 Nc4 27. Kf1 Ra7 28. a6 Nd6 29. Be2 Kg7 30. Ra5 c4 31. Ke1 Kf6 32. Kd2 Ke6 33. Kc3 Kd7 34. Bxc4 Rc7 35. Ra4 Nxc4 36. Rxc4 Ra7 37. Ra4 Kc6 38. Rh4 h5 39. Rf4 f6 40. Ra4 Kb5 41. Ra2 e6 42. Kd4 Kc6 43. Kc4 Kb6 44. Kb4 Ra8 45. a7 Kc6 46. Ra6+ Kb7 47. Kb5 g5 48. Rb6+ Kc7 49. Rc6+ 1-0

[Event "Split op 2nd"]
[Site "Split"]
[Date "2012.08.11"]
[Round "1"]
[White "Paganini, Andrea"]
[Black "Andersen, Lars Even"]
[Result "0-1"]
[WhiteElo "1879"]
[BlackElo "2274"]
[PlyCount "82"]
[EventDate "2012.08.11"]
[EventType "swiss"]
[EventRounds "9"]
[EventCountry "CRO"]
[SourceTitle "CBM 149 Extra"]
[Source "ChessBase"]
[SourceDate "2012.08.24"]
[SourceVersion "1"]
[SourceVersionDate "2012.08.24"]
[SourceQuality "1"]

1. e4 Nc6 2. d4 e5 3. d5 Nce7 4. Nf3 Ng6 5. c4 Nf6 6. Nc3 Bb4 7. Bd3 Bxc3+ 8. bxc3 d6 9. h3 b6 10. Be3 0-0 11. 0-0 Nh5 12. a4 a5 13. Kh2 Nhf4 14. Ng1 Nxd3 15. Qxd3 f5 16. f3 f4 17. Bf2 Qg5 18. Ne2 Nh4 19. Rg1 Qh5 20. Bxh4 Qxh4 21. Rgf1 Rf6 22. Qb1 Ba6 23. Qd3 Raf8 24. Ra2 Rh6 25. Kg1 Rg6 26. Kh2 Rff6 27. Ng1 Qg3+ 28. Kh1 Rg5 29. Rff2 Rh6 30. Qf1 Qh4 31. Rab2 Rg3 32. Kh2 Qe7 33. Qd3 Qd7 34. Ra2 g5 35. Qe2 Rh4 36. Kh1 h5 37. Kh2 g4 38. fxg4 hxg4 39. Rxf4 exf4 40. e5 gxh3 41. Nf3 hxg2+ 0-1

[Event "Pula op 26th"]
[Site "Pula"]
[Date "2012.06.16"]
[Round "9"]
[White "Mihalinec, Damir"]
[Black "Andersen, Lars Even"]
[Result "1-0"]
[WhiteElo "2175"]
[BlackElo "2287"]
[PlyCount "83"]
[EventDate "2012.06.09"]
[EventType "swiss"]
[EventRounds "9"]
[EventCountry "CRO"]
[SourceTitle "CBM 148 Extra"]
[Source "ChessBase"]
[SourceDate "2012.06.22"]
[SourceVersion "1"]
[SourceVersionDate "2012.06.22"]
[SourceQuality "1"]

1. c4 c6 2. Nf3 d5 3. b3 Bf5 4. g3 Nf6 5. Bg2 Qc8 6. h3 e6 7. Nc3 h6 8. Bb2 Nbd7 9. Rc1 Qb8 10. d3 Bd6 11. 0-0 Bh7 12. cxd5 exd5 13. e4 dxe4 14. Nxe4 0-0 15. Nxf6+ Nxf6 16. Bxf6 gxf6 17. Qd2 Kg7 18. Rc4 Bg6 19. Nh4 Re8 20. Rg4 h5 21. Nf5+ Kg8 22. Qh6 Bf8 23. Rxg6+ fxg6 24. Qxg6+ Kh8 25. Qxh5+ Kg8 26. Qg6+ Kh8 27. Qxf6+ Kg8 28. Qg6+ Kh8 29. Qf7 Qe5 30. Be4 Bg7 31. Qxb7 Rac8 32. Qxg7+ Qxg7 33. Nxg7 Kxg7 34. f4 c5 35. Kg2 Rcd8 36. Kf3 Re6 37. Rc1 Ra6 38. Rc2 Ra5 39. h4 Rd6 40. g4 Rda6 41. a4 Rd6 42. g5 1-0

[Event "Pula op 26th"]
[Site "Pula"]
[Date "2012.06.10"]
[Round "2"]
[White "Andersen, Lars Even"]
[Black "Klem, Davor"]
[Result "1-0"]
[WhiteElo "2287"]
[BlackElo "2098"]
[PlyCount "87"]
[EventDate "2012.06.09"]
[EventType "swiss"]
[EventRounds "9"]
[EventCountry "CRO"]
[SourceTitle "CBM 148 Extra"]
[Source "ChessBase"]
[SourceDate "2012.06.22"]
[SourceVersion "1"]
[SourceVersionDate "2012.06.22"]
[SourceQuality "1"]

1. d4 Nc6 2. Nf3 d6 3. e4 Nf6 4. Nc3 Bg4 5. d5 Ne5 6. Nxe5 Bxd1 7. Bb5+ c6 8. dxc6 dxe5 9. c7+ Qd7 10. Bxd7+ Kxd7 11. Kxd1 Kxc7 12. Be3 Kc6 13. f3 e6 14. Ke2 Bb4 15. Na4 b5 16. a3 Be7 17. Nc3 a5 18. a4 b4 19. Nb5 Bc5 20. Bd2 Nd7 21. b3 Bd4 22. Rac1 Rhc8 23. Rhd1 Bb2 24. Be3 Nc5 25. Rd6+ Kb7 26. Rcd1 Bd4 27. Nxd4 exd4 28. Bxd4 Ra6 29. Be3 Rac6 30. R1d2 R8c7 31. Kd1 e5 32. R6d5 f6 33. Rxc5 Rxc5 34. Bxc5 Rxc5 35. Rd7+ Rc7 36. Rxc7+ Kxc7 37. Kd2 Kc6 38. c3 bxc3+ 39. Kxc3 Kc5 40. Kd3 Kb4 41. Kc2 g6 42. g4 h6 43. h3 Kc5 44. Kc3 1-0

[Event "Pula op 25th"]
[Site "Pula"]
[Date "2011.06.25"]
[Round "9"]
[White "Andersen, Lars Even"]
[Black "Frank, Dieter"]
[Result "1-0"]
[WhiteElo "2288"]
[BlackElo "2145"]
[PlyCount "95"]
[EventDate "2011.06.18"]
[EventType "swiss"]
[EventRounds "9"]
[EventCountry "CRO"]
[SourceTitle "CBM 143 Extra"]
[Source "ChessBase"]
[SourceDate "2011.08.29"]
[SourceVersion "1"]
[SourceVersionDate "2011.08.29"]
[SourceQuality "1"]

1. Nf3 Nf6 2. c4 e6 3. Nc3 b6 4. g3 Bb7 5. Bg2 Be7 6. d4 Ne4 7. Qc2 Nxc3 8. Qxc3 0-0 9. 0-0 Bf6 10. Qc2 Qc8 11. e4 d6 12. Be3 Nd7 13. Nd2 e5 14. d5 a5 15. Rae1 Nc5 16. f4 exf4 17. gxf4 Re8 18. Bf2 Qg4 19. Bg3 Bh4 20. Bf3 Qh3 21. Bg2 Qg4 22. Re3 Bc8 23. h3 Qh5 24. Bh2 Bf6 25. Kh1 Bd7 26. Nb3 Nxb3 27. Qxb3 Rad8 28. Rfe1 Bh4 29. R1e2 Re7 30. e5 Rde8 31. e6 fxe6 32. dxe6 Bxe6 33. Bc6 Bc8 34. Bxe8 Bb7+ 35. Kg1 Qxe2 36. Rxe2 Rxe2 37. c5+ Kh8 38. c6 Ba6 39. Qf7 h6 40. Qf8+ Kh7 41. Qf5+ Kh8 42. Qf8+ Kh7 43. f5 Re1+ 44. Kg2 Bf1+ 45. Kf3 Be2+ 46. Kf4 Rf1+ 47. Ke3 Bg5+ 48. Kxe2 1-0

[Event "Pula op 25th"]
[Site "Pula"]
[Date "2011.06.23"]
[Round "7"]
[White "Andersen, Lars Even"]
[Black "Zelcic, Robert"]
[Result "0-1"]
[WhiteElo "2288"]
[BlackElo "2557"]
[PlyCount "80"]
[EventDate "2011.06.18"]
[EventType "swiss"]
[EventRounds "9"]
[EventCountry "CRO"]
[SourceTitle "CBM 143 Extra"]
[Source "ChessBase"]
[SourceDate "2011.08.29"]
[SourceVersion "1"]
[SourceVersionDate "2011.08.29"]
[SourceQuality "1"]

1. Nf3 Nf6 2. c4 e6 3. Nc3 d5 4. d4 Bb4 5. Qa4+ Nc6 6. Ne5 Bd7 7. Nxd7 Qxd7 8. a3 Be7 9. e3 0-0 10. Be2 a6 11. 0-0 Rfd8 12. Qc2 dxc4 13. Bxc4 Bd6 14. Ne4 Nxe4 15. Qxe4 e5 16. Bd3 g6 17. d5 Ne7 18. b4 b5 19. Bb1 Re8 20. Bb2 Nc8 21. Qf3 Nb6 22. e4 a5 23. bxa5 Rxa5 24. Qb3 Rea8 25. f4 Qe7 26. fxe5 Bxe5 27. d6 cxd6 28. Bxe5 dxe5 29. Bd3 b4 30. Rab1 Qa7 31. axb4 Ra3 32. Qc2 Rc8 33. Qd1 Rd8 34. Rb3 Nd5+ 35. Rf2 Nf4 36. Kf1 Rxd3 37. Rxd3 Nxd3 38. Rf3 Qd4 39. b5 Ra1 40. Rxd3 Rxd1+ 0-1